000 00220nam a22001217a 4500
040 _cSY
082 _a363
100 _aNA
245 _aNon-traditional security
260 _aRUA
_bNA
_cNA
300 _a20p.
942 _cKB
999 _c9729
_d9729